Buddhism : (Record no. 64826)

MARC details
000 -LEADER
fixed length control field 00556nam a22001577a 4500
005 - DATE AND TIME OF LATEST TRANSACTION
control field 20120410144029.0
020 ## - INTERNATIONAL STANDARD BOOK NUMBER
International Standard Book Number 817024949X
Terms of availability 00.00
035 ## - SYSTEM CONTROL NUMBER
System control number A-893441
037 ## - SOURCE OF ACQUISITION
Stock number DPL
Source of stock number/acquisition ENG
100 ## - MAIN ENTRY--PERSONAL NAME
Personal name Mahmud, S. Jafar
245 ## - TITLE STATEMENT
Title Buddhism :
Remainder of title Religion and meditation /
Statement of responsibility, etc by S. Jafar Mahmud
260 ## - PUBLICATION, DISTRIBUTION, ETC. (IMPRINT)
Place of publication, distribution, etc New Delhi
Name of publisher, distributor, etc A.P.H. Publishing Corporation
Date of publication, distribution, etc 1998
300 ## - PHYSICAL DESCRIPTION
Extent 386p.
Dimensions 18 cms.
942 ## - ADDED ENTRY ELEMENTS (KOHA)
Source of classification or shelving scheme Dewey Decimal Classification
Item type English Books
Classification part 250
Call number suffix MAH
Holdings
Withdrawn status Lost status Not for loan Collection code Home library Current library Date acquired Cost, normal purchase price Full call number Barcode Cost, replacement price Koha item type
      Non-fiction Sarojini Nagar Sarojini Nagar 10/04/2012 0.00 250 MAH A-893441 0.00 English Books

© Delhi Public Library
Hit Counter
free hit counter